Manual educativo sobre cooperativas /
El documento consiste en un manual educativo acerca de las cooperativas, en el que se incluyen aspectos básicos acerca de las cooperativas.
Gardado en:
| Autor Principal: | |
|---|---|
| Formato: | Texto |
| Idioma: | Spanish |
| Publicado: |
México :
Centro Regional de Ayuda Técnica
1974
|
| Edición: | 2 |
| Materias: | |
| Etiquetas: |
Engadir etiqueta
Sen Etiquetas, Sexa o primeiro en etiquetar este rexistro!
|
MARC
| LEADER | 00000 a a2200000 04500 | ||
|---|---|---|---|
| 001 | 17190 | ||
| 003 | cru CIDCACS/IIS | ||
| 005 | 20230612125414.0 | ||
| 008 | 230612e1968 mx ||||| |||| 00| 0 spa d | ||
| 040 | |a CRAI/IIS |c CRAI/IIS | ||
| 090 | |a 03.03.04 K72m | ||
| 100 | |a Knobel, Fred H. | ||
| 245 | |a Manual educativo sobre cooperativas / |c Fred H. Knobel | ||
| 250 | |a 2 | ||
| 260 | |a México : |b Centro Regional de Ayuda Técnica |c 1974 | ||
| 300 | |a 32 páginas | ||
| 520 | |a El documento consiste en un manual educativo acerca de las cooperativas, en el que se incluyen aspectos básicos acerca de las cooperativas. | ||
| 650 | |a MOVIMIENTOS COOPERATIVOS | ||
| 650 | |a COOPERATIVAS | ||
| 650 | |a ORGANIZACION | ||
| 942 | |2 ddc |c LITG |h 03.03.04 K72m |i 05490 |6 030304_K72M_05490 | ||
| 999 | |c 15126 |d 15126 | ||
